Rýchle a spoľahlivé stanovenie vitamínov pomocou vsádzkovej injekčnej analýzy s ampérometrickou detekciou

Enregistré dans:
Détails bibliographiques
Auteur principal: Kováčiková, Gabriela (Auteur)
Autres auteurs: Švorc, Ľubomír (Directeur de thèse)
Format: Manuscrit Livre
Langue:slovaque
Publié: 2025
Sujets:
Accès en ligne:http://is.stuba.sk/zp/portal_zp.pl?podrobnosti=190209
Tags: Ajouter un tag
Pas de tags, Soyez le premier à ajouter un tag!

MARC

LEADER 00000ntm a22000003a 4500
001 stuzp103947
003 SK-STU
005 20250607210409.8
007 ta
008 150427s2015----xo-----f-mn---000-0-slo-d
040 |a STU  |b slo 
041 0 |a slo 
100 1 |a Kováčiková, Gabriela  |u 041000  |k Z4  |4 aut  |U FCHPT Fakulta chemickej a potravinárskej technológie  |T FCHPT Ústav analytickej chémie  |X 99073  |U C1000  |Y 99  |7 99073 
242 0 1 |a Fast and reliable determination of vitamins using batch injection analysis with amperometric detection  |y eng 
245 1 0 |a Rýchle a spoľahlivé stanovenie vitamínov pomocou vsádzkovej injekčnej analýzy s ampérometrickou detekciou 
260 |c 2025 
650 4 |a batch injection analysis with amperometric detection  |2 eng 
650 4 |a thiamine  |2 eng 
650 4 |a screen-printed carbon electrode  |2 eng 
650 4 |a pharmaceutical sample  |2 eng 
650 4 |a farmaceutická vzorka  |2 slo 
650 4 |a sieťotlačová uhlíková elektróda  |2 slo 
650 4 |a vsádzková injekčná analýza s ampérometrickou detekciou  |2 slo 
650 4 |a tiamín  |2 slo 
700 1 |a Švorc, Ľubomír  |u 041000  |k Z1  |4 ths  |U FCHPT Fakulta chemickej a potravinárskej technológie  |T FCHPT Ústav analytickej chémie  |X 19350  |U C1000  |Y 99  |7 A000019350 
856 4 |u http://is.stuba.sk/zp/portal_zp.pl?podrobnosti=190209